00533nam a2200193Ia 4500003000400000008004100004040001600045082001600061100001600077245007100093700002100164700001800185260004800203300000800251650001000259650002300269650002100292650002600313GCL140319s9999 xx 000 0 eng d aGCL / cGCL04a618.32bB F1 aBOUE, ANDRE10aFETAL MEDICINE : PRENATAL DIAGNOSIS AND MANAGEMENT / cBOUE, ANDRE1 aVEKEMANS, MICHEL1 aCARTIER, LOLA a[S.N] : bOXFORD UNIVERSITY PRESS ، c1995 a29204aFETUS04aPRENATAL DIAGNOSIS04aFETUS - DISEASES04aFETUS - ABNORMALITIES